LEADER 01044nam a2200229 4500 001 000000356569 003 CaOOAMICUS 005 20231221120320.0 008 231221s1825 it a 000 u ita r 026 $eo,on h.n. 4.). se(2 (3) 1825 (R) 040 $aSeMil$bita 100 11$aVisconti, Ennio Quirino,$d<1751-1818>.$0(OLS)http://semarc/name/40664 245 10$aVolume 3. 264 1$aMilano :$bPresso gli Editori,$c1825. 300 $aXVI, 439, [1] p., XVIII carte di tav. :$bill. calcogr. ;$c8° 500 $aSegn.: [a]? b? 1-55? 773 0 $aVisconti, Ennio Quirino <1751-1818>$t[3]: Iconografia greca di Ennio Quirino Visconti recata in italiana favella dal dott. Giovanni Labus. Volume 1. [-3.].$dMilano : Presso gli Editori, 1823-1825.$g3$w()356566 850 $aSeMil 852 $aSeMil$W1$xVenegono$y1$m3W IV 101 FA$j245236$B247727$CSeMilBibl$Z2$F247727 $8I 996 $6245$aVolume 3$9(OLS)http://semarc/title/24829 996 $6264$aMilano :$bPresso gli Editori$9(OLS)http://semarc/publisher/56139 LEADER 01225nam a2200277 i 4500 001 000000040881 003 CaOOAMICUS 005 20240916171017.0 008 941027s1994 it u000 u ita u 020 $a88-7023-197-6 040 $aSeMil$bita 100 1 $aSomaini, Francesco.$0(OLS)http://semarc/name/5089 245 10$aGiovanni Arcimboldi :$bgli esordi ecclesiastici di un prelato sforzesco /$cFrancesco Somaini. 264 1$aMilano :$bNED,$c1994. 300 $a268 p. ;$c24 cm 490 1 $aArchivio Ambrosiano ;$v68. 600 14$aArcimboldi, Giovanni .$0(OLS)http://semarc/subject/1663 650 4$aMilano (Arcidiocesi) - Storia - Sec. 15.$0(OLS)http://semarc/subject/7768 830 0$aArchivio Ambrosiano ;$v68.$0(OLS)http://semarc/title/254 850 $aSeMil 852 $aSeMil$W1$xVenegono$y1$m3TA A 68$j250831$B7036$CSeMilBibl$Z2$F7036 $81 961 $aOmaggio: Apeciti mons. Ennio 996 $6020$a88-7023-197-6$9(OLS)http://semarc/number/11343 996 $6245$aGiovanni Arcimboldi :$bgli esordi ecclesiastici di un prelato sforzesco$9(OLS)http://semarc/title/58924 996 $6264$aMilano :$bNED$9(OLS)http://semarc/publisher/30187